Tenenbaum v Garrod (Record no. 12521)
[ view plain ]
| 000 -LEADER | |
|---|---|
| fixed length control field | 01484cab a2200193 4500 |
| 001 - CONTROL NUMBER | |
| control field | ABS39757 |
| 008 - FIXED-LENGTH DATA ELEMENTS--GENERAL INFORMATION | |
| fixed length control field | 090401t1988 xxu||||| |||| 00| 0 eng d |
| 035 ## - SYSTEM CONTROL NUMBER | |
| System control number | (Sirsi) u18819 |
| 041 ## - LANGUAGE CODE | |
| Language code of text/sound track or separate title | eng |
| 245 ## - TITLE STATEMENT | |
| Title | Tenenbaum v Garrod |
| 260 ## - PUBLICATION, DISTRIBUTION, ETC. | |
| Date of publication, distribution, etc. | 1988 |
| 350 ## - PRICE (NR) (BK AM CF MU VM SE) [OBSOLETE] | |
| Price | 0 |
| 490 ## - SERIES STATEMENT | |
| Series statement | Estates Gazette |
| Volume/sequential designation | (8835) 3 September 1988, 77-83(4) |
| 520 ## - SUMMARY, ETC. | |
| Summary, etc. | CA 19 May 1988. An appeal from a decision in the ChD dismissing the plaintiff`s (T) claim alleging negligence against the defendant (G). Briefly, the family company was being liquidated and the liquidator was to dispose of property which comprised factory buildings and undeveloped land. The appellant (the present plaintiff) (T) agreed with the liquidator to purchase the property for £640,000. T subsequently withdrew his offer and made a revised offer of £400,000. This revised offer followed upon a letter from the respondent estate agent (the present defendant) (G), who wrote that considering the state of the property and market conditions "a realistic value for your purposes in the long term is £400,000." The liquidator rejected the offer and sold the property for £730,000. T claimed he had relied on this letter and sought damages in negligence against G. The judge accepted G`s evidence that the letter was not intended as a genuine independent valuation ; that it was known by T to be |
| 650 ## - SUBJECT ADDED ENTRY--TOPICAL TERM | |
| Topical term or geographic name entry element | PROPERTY SALE |
| 690 ## - LOCAL SUBJECT ADDED ENTRY--TOPICAL TERM (OCLC, RLIN) | |
| Topical term or geographic name as entry element | MANAGEMENT-BUSINESS MANAGEMENT-PROFESSIONAL PRACTICE |
| 942 ## - ADDED ENTRY ELEMENTS (KOHA) | |
| Suppress in OPAC | 0 |
| 948 ## - LOCAL PROCESSING INFORMATION (OCLC); SERIES PART DESIGNATOR (RLIN) | |
| c (OCLC) | 04/03/1997 |
| Withdrawn status | Lost status | Source of classification or shelving scheme | Damaged status | Not for loan | Home library | Current library | Shelving location | Date acquired | Total Checkouts | Full call number | Barcode | Date last seen | Copy number | Price effective from | Koha item type |
|---|---|---|---|---|---|---|---|---|---|---|---|---|---|---|---|
| Dewey Decimal Classification | London | London | Journal article | 14/09/1999 | ABS39757 | 18819-1001 | 06/08/2019 | 1 | 06/08/2019 | Law report |